Юрские и раннемеловые флоры Евразии и палеофлористические провинции этого времени

Λεπτομέρειες βιβλιογραφικής εγγραφής
Κύριος συγγραφέας: Вахрамеев В.А. Всеволод Андреевич
Συγγραφή απο Οργανισμό/Αρχή: Академия наук СССР Геологический институт
Γλώσσα:Ρωσικά
Έκδοση: Москва, Наука, 1964
Σειρά:Труды геологического института (ГИН) Вып. 102
Θέματα:
Μορφή: MixedMaterials Βιβλίο
KOHA link:https://koha.lib.tpu.ru/cgi-bin/koha/opac-detail.pl?biblionumber=368122

MARC

LEADER 00000nam0a2200000 4500
001 368122
005 20231102012042.0
035 |a (RuTPU)RU\TPU\retro\25485 
035 |a RU\TPU\book\94097 
090 |a 368122 
100 |a 20220331d1964 k y0rusy5003 ca 
101 0 |a rus 
102 |a RU 
105 |a a z 001zy 
200 1 |a Юрские и раннемеловые флоры Евразии и палеофлористические провинции этого времени  |f В. А. Вахрамеев  |g Академия наук СССР, Геологический институт 
210 |a Москва  |c Наука  |d 1964 
215 |a 264 с.  |c ил., карт. 
225 1 |a Труды геологического института (ГИН)  |v Вып. 102 
320 |a Библиогр.: с. 230-243. 
320 |a Указатель видов ископаемых растений: с. 244-261. 
606 1 |a Континентальные отложения  |x Стратиграфия  |2 stltpush  |3 (RuTPU)RU\TPU\subj\15505  |9 41741 
606 1 |a Палеофлористика  |2 stltpush  |3 (RuTPU)RU\TPU\subj\48032  |9 66914 
610 1 |a растения ископаемые 
610 1 |a палеоклимат 
610 1 |a юрский период 
610 1 |a среднеюрские отложения 
610 1 |a поздняя юра 
610 1 |a раннемеловые отложения 
610 1 |a Евразия 
610 1 |a Сибирь 
675 |a 551.7  |z rus  |v 3 
675 |a 561  |z rus  |v 3 
700 1 |a Вахрамеев  |b В.А.  |g Всеволод Андреевич  |4 070 
712 0 2 |a Академия наук СССР  |b Геологический институт  |c (Москва)  |2 stltpush  |3 (RuTPU)RU\TPU\col\11354  |9 25059 
801 0 |a RU  |b RuMRKP  |c 19950417  |g psbo 
801 1 |a RU  |b 63413507  |c 20051213  |g PSBO 
801 2 |a RU  |b 63413507  |c 20220331  |g PSBO 
942 |c BK